Statystyki dla Największe miasta,wsie w województwie lubuskim A-Z

Kliknij tutaj aby rozwiązać quiz!

Ogólne statystyki

  • Ten quiz został rozwiązany 12 razy
  • Średni wynik to 13 z 22

Statystyki odpowiedzi

#MiastoPopulacja% Poprawnych
GGorzów Wielkopolski116 436
90%
KKostrzyn nad Odrą17 704
90%
ŚŚwiebodzin21 035
90%
ŻŻary35 198
90%
ZZielona Góra139 278
90%
SSłubice16 339
80%
DDrezdenko9 574
70%
MMiędzyrzecz17 057
70%
NNowa Sól36 327
70%
RRzepin6 421
60%
WWschowa13 166
60%
CCzerwieńsk3 812
50%
IIłowa3 652
50%
LLubsko12 971
50%
TTorzym2 431
50%
BBytom Odrzański3 983
40%
ŁŁęknica2 277
40%
OOśno Lubuskie3 915
40%
JJasień4 071
30%
U (wieś)Ulim610
20%
H (wieś)Henryków414
10%
P (wieś)Pszczew1 972
10%

Rozkład punktacji

Percentyl według liczby udzielonych odpowiedzi

Procent ludzi z każdym wynikiem

Twoja historia wyników

Nie rozwiązałeś tego quizu